Science Quiz

Random Science Quiz
Score 0/20 Timer 10:00
0 Plays Today
Hint Answer % Correct
Appendicular SkeletonHumerus
100%
Appendicular SkeletonFemur
100%
Appendicular SkeletonTibia
100%
Appendicular SkeletonFibula
100%
Appendicular SkeletonPhalanges
91.7%
Axial SkeletonMandible
91.7%
Appendicular SkeletonRadius
83.3%
Appendicular SkeletonUlna
83.3%
Appendicular SkeletonCarpals
83.3%
Appendicular SkeletonCervical
75%
Hint Answer % Correct
Appendicular SkeletonLumbar
75%
Appendicular SkeletonTarsals
66.7%
Appendicular SkeletonThoracic
58.3%
Axial SkeletonNasal
58.3%
Axial SkeletonFrontal
58.3%
Appendicular SkeletonSacrum
41.7%
Axial SkeletonZygomatic
41.7%
Axial SkeletonVomer
25%
Axial SkeletonOccipital Protuberance
8.3%
Appendicular SkeletonCalcaneous
0%
Remove Ads.
Support Sporcle.
Get the best of Sporcle when you Go Orange. This ad-free experience offers more features, more stats, and more fun while also helping to support Sporcle. Thank you for becoming a member.

You're not logged in!

Compare scores with friends on all Sporcle quizzes.
OR
Log In

Show Comments

Extras

Created Oct 2, 2013ReportNominate
Tags:bones

Top Quizzes Today


Score Distribution

Your Account Isn't Verified!

In order to create a playlist on Sporcle, you need to verify the email address you used during registration. Go to your Sporcle Settings to finish the process.

Report this User

Report this user for behavior that violates our Community Guidelines.

Details: